000 01038nam a2200253 i 4500
001 24055
003 ES-MaACL
005 20251125063448.0
007 t|
008 021213s1999 sp ||||1| spa d
100 1 _aAndreev, Leonid Nikolaevich,
_d1871-1919
_9242530
245 1 4 _aLos siete ahorcados
_b: novela /
_cpor Leonid Andreev ; traducción directa del ruso por G. Portuof ; [A través de la niebla (novela) / traducción de E. Leraschor ;El médico loco (novela) / traducción de N. Belsky y de J. García Mercadal ; En la oscura lejanía (novela) / traducción de E. Leraschor].
260 _a[S.l. :
_bs.n.,
_c19--?] (
_eMadrid :
_fGráfica Excelsior)
300 _a294 p. ;
_c19 cm.
700 1 _aPortuof, G.
_993298
700 1 _aLeraschor, E.
_971744
700 1 _aBelsky, N.
_927327
700 1 _aGarcía Mercadal, J.,
_d1883-1975
_9164264
740 0 _aA Través de la niebla.
740 3 _aEl médico loco.
740 0 _aEn la oscura lejanía.
852 _aES-MaACL
_jF-10508
999 _c24055
_d24055